Harry Potter Teile - Statistiken

Allgemein
  • Dieses Quiz wurde 70 mal gespielt
  • Das Durchschnittsergebnis liegt bei 6 aus 7
Antwortstatistiken
Hint Antwort % Korrekt
1 Harry Potter und der Stein der Weisen
100%
2 Harry Potter und die Kammer des Schreckens
97%
4 Harry Potter und der Feuerkelch
95%
3 Harry Potter und der Gefangene von Askaban
94%
6 Harry Potter und der Halbblutprinz
89%
5 Harry Potter und der Orden des Phönix
89%
7 Harry Potter und die Heiligtümer des Todes
84%
Keine übereinstimmenden Quizze gefunden
Verteilung der Resultate
Anzahl Personen mit jedem Resultat
Perzentil nach korrekt beantworteten Fragen
Ihre Resultats-Entwicklung
Sie haben dieses Quiz noch nicht gespielt